000 01061nam0a22002531 4500
001 rc\491871
005 20030616171505.3
035 _a(NLR Aleph) 005733753
090 _a7606369
_c7606369
100 _a20030616d1987 u |0rusy50 ca
101 0 _arus
102 _aRU
105 _ay |||||||||
200 1 _aМЕТОДИЧЕСКИЕ рекомендации по тренировке женщин в лыжном спорте
_fГос. ком. УССР по физ. культуре и спорту, Респ. науч.-метод. каб.
_g[Подгот. к. п. н., доц. В.И. Пивоваровой]
210 _aКиев
_cБ. и.
_d1987
215 _a23 с.
_d20
320 _aБиблиогр.: с. 22
702 1 _aПивоварова
_bВ. И.
_gВалентина Ивановна
_4570
712 0 2 _aУкраинский респ. науч.-метод. кабинет по физ. культуре и спорту
_cКиев
801 0 _aRU
_bNLR
_gpsbo
801 1 _aRU
_bELAR
_2rusmarc
852 _aNLR
_j88-4/14735
942 _cBOOK
980 _aNB